000
00307 a2200145 4500
001
59885
020
_a
857556742X
040
_c
Anchieta - Pituba
100
_a
Agostinho, Santo
240
1
0
_a
Solilóquios
_l
por
245
1
0
_a
Solilóquios
300
_a
124
650
4
_a
Literatura devocional
942
_c
BK
999
_c
59885
_d
59885